UM Logo

The Impact of Sport Education on Physical Education Majors' Basketball Content Knowledge and Performance / (Record no. 24338)

MARC details
000 -LEADER
fixed length control field 00999nam a22002417a 4500
003 - CONTROL NUMBER IDENTIFIER
control field OSt
005 - DATE AND TIME OF LATEST TRANSACTION
control field 20260216160236.0
008 - FIXED-LENGTH DATA ELEMENTS--GENERAL INFORMATION
fixed length control field 260216b |||||||| |||| 00| 0 eng d
040 ## - CATALOGING SOURCE
Transcribing agency 0
082 ## - DEWEY DECIMAL CLASSIFICATION NUMBER
Classification number DPer 796.07 J826 January-October 2023 v. 42 n. 1-4
100 ## - MAIN ENTRY--PERSONAL NAME
Personal name Liu, Hairui
Relator term author.
9 (RLIN) 69775
245 ## - TITLE STATEMENT
Title The Impact of Sport Education on Physical Education Majors' Basketball Content Knowledge and Performance /
Statement of responsibility, etc. Hairui Liu, Wei Shen, Anyi Hu, Wei Wang, Wei Li, and Peter A. Hastie.
260 ## - PUBLICATION, DISTRIBUTION, ETC. (IMPRINT)
Place of publication, distribution, etc. Champaign, IL ;
Name of publisher, distributor, etc. Human Kinetics, Inc. ,
Date of publication, distribution, etc. July 2023.
300 ## - PHYSICAL DESCRIPTION
Extent Volume 42, pages 480-489 :
Other physical details illustration ;
Dimensions 29 cm.
500 ## - GENERAL NOTE
General note Journal of Teaching in Physical Education, vol. 42 no. 3, pages 480-489, July 2023.
700 ## - ADDED ENTRY--PERSONAL NAME
Personal name Liu, Hairui
Relator term author.
9 (RLIN) 69775
700 ## - ADDED ENTRY--PERSONAL NAME
Personal name Shen, Wei
Relator term author.
9 (RLIN) 69776
700 ## - ADDED ENTRY--PERSONAL NAME
Personal name Hu, Anyi
Relator term author.
9 (RLIN) 69777
700 ## - ADDED ENTRY--PERSONAL NAME
Personal name Wang, Wei.
Relator term author.
9 (RLIN) 53048
700 ## - ADDED ENTRY--PERSONAL NAME
Personal name Li, Wei.
Relator term author.
9 (RLIN) 51379
700 ## - ADDED ENTRY--PERSONAL NAME
Personal name Hastie, Peter A.
Relator term author.
9 (RLIN) 59723
942 ## - ADDED ENTRY ELEMENTS (KOHA)
Source of classification or shelving scheme Dewey Decimal Classification
Koha item type Periodicals

No items available.